Dark day in the deep sea / by Mary Pope Osborne ; ... Read More
Available copies
- 5 of 8 copies available at LARL/NWRL Consortium.
- 0 of 2 copies available at Lake Agassiz Regional Library. (Show preferred library)
Current holds
0 current holds with 8 total copies.
Show Only Available Copies
| Location | Call Number / Copy Notes | Barcode | Shelving Location | Status | Due Date |
|---|---|---|---|---|---|
| Crookston Public Library | J OSB (Text) | 33500014367296 | Main | Checked out | 07/08/2026 |
| Hawley Public Library | J OSB (Text) | 33500013635982 | Main | Checked out | 07/08/2026 |
| Godel Memorial-Warren Library | j pb (Text) | 35500005464266 | Main | Available | - |
| Greenbush Public Library | j OSB (Text) | 35500006136459 | Main | Available | - |
| Hallock Public Library | j OSB (Text) | 35500004227235 | Main | Available | - |
| Karlstad LINK Site | j OSB (Text) | 35500004248769 | Main | Checked out | 07/15/2026 |
| Red Lake Falls Public Library | j pb (Text) | 35500005817125 | Main | Available | - |
| Thief River Falls Public Library | j pb (Text) | 35500005274707 | Main | Available | - |
Record details
- ISBN: 9780375837326 (pbk.)
- ISBN: 9780375837319 (trade)
- ISBN: 9780375937316 (lib. bdg.)
- ISBN: 0545202140
- ISBN: 9780545202145
- ISBN: 9780545205986 (sch. mkt.)
- ISBN: 0545205980 (sch. mkt.)
- ISBN: 9781338224856 (Scholastic pbk)
- Physical Description: 106 p. : ill. ; 22 cm.
- Edition: 1st ed.
- Publisher: New York : Random House, 2008.
Content descriptions
| General Note: | Formerly Magic tree house #39. "A Merlin mission." "Stepping Stone book." |
| Summary, etc.: | When eight-year-old Jack and his seven-year-old ... Read More |
Search for related items by subject
| Subject: | Oceanography > Fiction. Challenger (Ship : 1872-1876) > Fiction. Compassion > Fiction. Time travel > Fiction. Magic > Fiction. Tree houses > Fiction. Brothers and sisters > Fiction. |
Search for related items by series
| LDR | 03718cam a22006498a 4500 | ||
|---|---|---|---|
| 001 | 88964 | ||
| 003 | LARL_NWRL_CONSORTIUM | ||
| 005 | 20220801135907.0 | ||
| 008 | 070810s2008 nyu c 000 1 eng | ||
| 020 | . | ‡a9780375837326 (pbk.) | |
| 020 | . | ‡a9780375837319 (trade) | |
| 020 | . | ‡a9780375937316 (lib. bdg.) | |
| 020 | . | ‡a0545202140 | |
| 020 | . | ‡a9780545202145 | |
| 020 | . | ‡a9780545205986 (sch. mkt.) | |
| 020 | . | ‡a0545205980 (sch. mkt.) | |
| 020 | . | ‡a9781338224856 (Scholastic pbk) | |
| 035 | . | ‡a(OCoLC)165956296 | |
| 042 | . | ‡alcac | |
| 082 | 0 | 0. | ‡a[Fic] ‡222 |
| 100 | 1 | . | ‡aOsborne, Mary Pope. ‡0(LARL_NWRL_CONSORTIUM)153313 |
| 245 | 1 | 0. | ‡aDark day in the deep sea / ‡cby Mary Pope Osborne ; illustrated by Sal Murdocca. |
| 250 | . | ‡a1st ed. | |
| 260 | . | ‡aNew York : ‡bRandom House, ‡c2008. | |
| 300 | . | ‡a106 p. : ‡bill. ; ‡c22 cm. | |
| 490 | 0 | . | ‡aMagic tree house, Merlin missions ; ‡v11 |
| 500 | . | ‡aFormerly Magic tree house #39. | |
| 500 | . | ‡a"A Merlin mission." | |
| 500 | . | ‡a"Stepping Stone book." | |
| 520 | . | ‡aWhen eight-year-old Jack and his seven-year-old sister, Annie, join a group of nineteenth-century explorers aboard the H.M.S. Challenger, they learn about the ocean, solve the mystery of its fabled sea monster, and gain compassion for their fellow creatures. | |
| 650 | 1. | ‡aOceanography ‡vFiction. | |
| 610 | 2 | 1. | ‡aChallenger (Ship : 1872-1876) ‡vFiction. |
| 650 | 1. | ‡aCompassion ‡vFiction. | |
| 650 | 1. | ‡aTime travel ‡vFiction. ‡0(LARL_NWRL_CONSORTIUM)167651 | |
| 650 | 1. | ‡aMagic ‡vFiction. ‡0(LARL_NWRL_CONSORTIUM)165984 | |
| 650 | 1. | ‡aTree houses ‡vFiction. | |
| 650 | 1. | ‡aBrothers and sisters ‡vFiction. ‡0(LARL_NWRL_CONSORTIUM)163634 | |
| 700 | 1 | . | ‡aMurdocca, Sal. ‡0(LARL_NWRL_CONSORTIUM)56631 |
| 901 | . | ‡a88964 ‡bOCLC ‡c88964 ‡tbiblio | |

Add to basket
Permalink
Disable Highlighting